Entre líneas: Teorías y enfoques en la enseñanza de la escritura, la gramática y la literatura

Guardat en:
Dades bibliogràfiques
Autor principal: Alvarado, Maite (Autor)
Format: Llibre
Idioma:espanyol
Publicat: Buenos Aires Manantial 2001
Edició:1a. ed
Matèries:
Etiquetes: Afegir etiqueta
Sense etiquetes, Sigues el primer a etiquetar aquest registre!

MARC

LEADER 00000nam a2200000 a 4500
001 UCH5045
003 CL-VaPUC
008 090916e20010000AG |||||||||||||||||spa|d
082 0 4 |a 370  |b ALV  |2 21 
100 0 |a Alvarado, Maite  |e author  |9 541180 
245 1 0 |a Entre líneas: Teorías y enfoques en la enseñanza de la escritura, la gramática y la literatura 
250 |a 1a. ed 
300 |a 144 p 
942 |c BK 
945 |d 20090916 00:00:00  |a dcastane 
260 |a Buenos Aires  |b Manantial  |c 2001 
650 0 |a Lenguaje   |9 265069 
650 0 |a Escritura  |9 264941 
650 0 |a Métodos de enseñanza  |9 270413 
583 |a last modification  |c 20090916 00:00:00  |k Rodrigo Vera 
999 |c 336266  |d 336264 
952 |0 0  |1 0  |4 0  |6 370_000000000000000_ALV_2001  |7 0  |8 A  |9 427269  |a BIBEDU  |b BIBEDU  |d 2019-11-22  |i 4601548  |l 2  |o 370 ALV 2001  |p 4601548  |r 2023-12-13  |s 2023-12-09  |w 2019-11-22  |y BK  |k LIT